<?xml version="1.0" encoding="UTF-8"?>
<record
    xmlns:xsi="http://www.w3.org/2001/XMLSchema-instance"
    xsi:schemaLocation="http://www.loc.gov/MARC21/slim http://www.loc.gov/standards/marcxml/schema/MARC21slim.xsd"
    xmlns="http://www.loc.gov/MARC21/slim">

  <leader>02345njm a2200385Ia 4500</leader>
  <controlfield tag="001">73754</controlfield>
  <controlfield tag="003">IT-RoPAU</controlfield>
  <controlfield tag="005">20220918181122.0</controlfield>
  <controlfield tag="008">131025s9999    xx            000 0 und d</controlfield>
  <datafield tag="040" ind1=" " ind2=" ">
    <subfield code="a">IT-RoPAU</subfield>
  </datafield>
  <datafield tag="040" ind1=" " ind2=" ">
    <subfield code="c">IT-RoPAU</subfield>
  </datafield>
  <datafield tag="999" ind1=" " ind2=" ">
    <subfield code="c">99863</subfield>
    <subfield code="d">99863</subfield>
  </datafield>
  <datafield tag="999" ind1=" " ind2=" ">
    <subfield code="b">n.d.</subfield>
  </datafield>
  <datafield tag="100" ind1=" " ind2=" ">
    <subfield code="a">AA.VV.</subfield>
    <subfield code="9">794</subfield>
  </datafield>
  <datafield tag="100" ind1=" " ind2=" ">
    <subfield code="e">Autore musica</subfield>
    <subfield code="9">25161</subfield>
  </datafield>
  <datafield tag="100" ind1=" " ind2=" ">
    <subfield code="g">Codice autore musica SPICS: 12000</subfield>
    <subfield code="9">796</subfield>
  </datafield>
  <datafield tag="245" ind1=" " ind2=" ">
    <subfield code="a">Argento vivo 2 (Lp Tmdf 33.185)</subfield>
  </datafield>
  <datafield tag="250" ind1=" " ind2=" ">
    <subfield code="a">1a ed.</subfield>
  </datafield>
  <datafield tag="260" ind1=" " ind2=" ">
    <subfield code="a">ITALIA</subfield>
  </datafield>
  <datafield tag="260" ind1=" " ind2=" ">
    <subfield code="b">CINEVOX RECORD</subfield>
    <subfield code="c">1988 [1a Ed.:1988 - Ed. Lingua Orig.: 1988]</subfield>
  </datafield>
  <datafield tag="300" ind1=" " ind2=" ">
    <subfield code="a">DISCO</subfield>
  </datafield>
  <datafield tag="300" ind1=" " ind2=" ">
    <subfield code="c">50 minuti (Testo: 0 pag.)</subfield>
  </datafield>
  <datafield tag="500" ind1=" " ind2=" ">
    <subfield code="a">Colonna sonora. Musiche tratte da film dell'orrore e thrilling Suspance</subfield>
  </datafield>
  <datafield tag="505" ind1=" " ind2=" ">
    <subfield code="a">Valley [(dal film Phenomena) (5:00)] - Opera [(dal film Opera) (3:00)] - From the Beginning [(dal film Opera) (4:00)] - Jennifer's Friend [(dal film Phenomena) (4:00)] - You Don't Know Me [(dal film Phenomena) (3:00)] - Tenebre [(dal film Tenebre) (5:00)] - I'll Be Right Back [(Welcome To the World of Demons) (4:00)] - Videomix [(dal film Demoni 2) (5:00)] - Close Up [(brano inedito ) (3:00)] - Demon [(dal film Demoni) (4:00)] - Opera Theme [(dal film Opera) (5:00)] - White Darkness [(dal film Opera) (3:00)]</subfield>
  </datafield>
  <datafield tag="650" ind1=" " ind2=" ">
    <subfield code="a">COLONNA SONORA [DISCHI]</subfield>
    <subfield code="e">Codice MATERIA SPICS: 9950</subfield>
    <subfield code="9">25162</subfield>
  </datafield>
  <datafield tag="700" ind1=" " ind2=" ">
    <subfield code="a">Wyman Bill</subfield>
    <subfield code="d">Codice autore musica SPICS: 15934</subfield>
    <subfield code="e">Autore musica</subfield>
    <subfield code="p">Valley - Opera Theme</subfield>
    <subfield code="9">25163</subfield>
  </datafield>
  <datafield tag="700" ind1=" " ind2=" ">
    <subfield code="a">Simonetti Claudio</subfield>
    <subfield code="d">Codice autore musica SPICS: 15928</subfield>
    <subfield code="e">Autore musica</subfield>
    <subfield code="p">Opera - Jennifer's Friend - Tenebre (Reprise) - Demon</subfield>
    <subfield code="9">25164</subfield>
  </datafield>
  <datafield tag="700" ind1=" " ind2=" ">
    <subfield code="a">Eno Brian</subfield>
    <subfield code="d">Codice autore musica SPICS: 11870</subfield>
    <subfield code="e">Autore musica</subfield>
    <subfield code="p">From the Beginning</subfield>
    <subfield code="9">25165</subfield>
  </datafield>
  <datafield tag="700" ind1=" " ind2=" ">
    <subfield code="a">Pignatelli Fabio</subfield>
    <subfield code="d">Codice autore SPICS: 15929</subfield>
    <subfield code="e">Autore</subfield>
    <subfield code="p">Jennifer's Friend - Tenebre (Reprise)</subfield>
    <subfield code="9">25166</subfield>
  </datafield>
  <datafield tag="700" ind1=" " ind2=" ">
    <subfield code="a">Morante M.</subfield>
    <subfield code="d">Codice autore testo/musica SPICS: 16453</subfield>
    <subfield code="e">Autore testo/musica</subfield>
    <subfield code="p">Tenebre (Reprise)</subfield>
    <subfield code="9">25167</subfield>
  </datafield>
  <datafield tag="700" ind1=" " ind2=" ">
    <subfield code="a">Boswell Simon</subfield>
    <subfield code="d">Codice autore musica SPICS: 15931</subfield>
    <subfield code="e">Autore musica</subfield>
    <subfield code="p">You Don't Know Me - I'll Be Right Back - Videomix - Close Up</subfield>
    <subfield code="9">25168</subfield>
  </datafield>
  <datafield tag="700" ind1=" " ind2=" ">
    <subfield code="a">Wyman Bill</subfield>
    <subfield code="d">Codice autore musica SPICS: 15934</subfield>
    <subfield code="e">Autore musica</subfield>
    <subfield code="p">Wyman Bill</subfield>
    <subfield code="q">Opera Theme</subfield>
    <subfield code="9">25169</subfield>
  </datafield>
  <datafield tag="700" ind1=" " ind2=" ">
    <subfield code="a">Taylor Terry</subfield>
    <subfield code="d">Codice autore SPICS: 15935</subfield>
    <subfield code="e">Autore</subfield>
    <subfield code="p">Opera Theme</subfield>
    <subfield code="9">25170</subfield>
  </datafield>
  <datafield tag="700" ind1=" " ind2=" ">
    <subfield code="a">Eno Roger</subfield>
    <subfield code="d">Codice autore musica SPICS: 13140</subfield>
    <subfield code="e">Autore musica</subfield>
    <subfield code="p">White Darkness</subfield>
    <subfield code="9">25171</subfield>
  </datafield>
  <datafield tag="942" ind1=" " ind2=" ">
    <subfield code="c">MD</subfield>
    <subfield code="2">ddc</subfield>
  </datafield>
  <datafield tag="952" ind1=" " ind2=" ">
    <subfield code="0">0</subfield>
    <subfield code="1">0</subfield>
    <subfield code="4">0</subfield>
    <subfield code="6">73754_000000000000000</subfield>
    <subfield code="7">1</subfield>
    <subfield code="a">SPICS</subfield>
    <subfield code="b">SPICS</subfield>
    <subfield code="d">2013-10-25</subfield>
    <subfield code="l">0</subfield>
    <subfield code="o">73754</subfield>
    <subfield code="r">2013-10-25 00:00:00</subfield>
    <subfield code="w">2013-10-25</subfield>
    <subfield code="y">MD</subfield>
    <subfield code="z">Progr. Ins.: 17819 / N.Vol.: 1 / Copie: 1 - Copia rara: n.d. / date import: 01.01.2014 - By Epidotti, Trombetti, Vaglietti</subfield>
  </datafield>
</record>
